States That Beat Colorado - Statistics

General Stats
  • This quiz has been taken 751 times
  • The average score is 14 of 16
Answer Stats
Rank Category Answer % Correct
8 Largest U.S. States Alaska | Texas | California | Montana | New Mexico | Arizona | Nevada
98%
7 Highest % Hispanic New Mexico | Texas | California | Arizona | Nevada | Florida
98%
7 Most Tornadoes Texas | Kansas | Oklahoma | Nebraska | Florida | Illinois
98%
10 States the Most People are Moving to Florida | Texas | Arizona | North Carolina | South Carolina | Georgia | Nevada | Washington | Tennessee
97%
7 Highest Rent Hawaii | California | Maryland | New Jersey | Washington | Massachusetts
96%
7 Least Precipitation Nevada | Utah | Wyoming | Arizona | New Mexico | Montana
95%
10 Least % Obese Rhode Island | New York | Vermont | Connecticut | Montana | California | Massachusetts | New Jersey | Hawaii
95%
9 Most Solar Power California | Arizona | North Carolina | New Jersey | Nevada | Massachusetts | New York | Hawaii
94%
10 Youngest Median Age Utah | Texas | Alaska | North Dakota | California | Oklahoma | Nebraska | Georgia | Idaho
94%
5 Most Expensive Median Home Price Hawaii | California | Massachusetts | Washington
93%
7 Highest Life Expectancy Hawaii | California | New York | Minnesota | Connecticut | Massachusetts
93%
6 Fastest Growing (1960-2019) Nevada | Arizona | Florida | Alaska | Utah
89%
3 Highest Maximum Elevation Alaska | California
83%
5 Most Populous State Capital* Arizona (Phoenix) | Texas (Austin) | Ohio (Columbus) | Indiana (Indianapolis)
82%
2 Most Educated (% with College Degree) Massachusetts
60%
5 Highest % of Residents Born out of State Washington | Oregon | Delaware | Wyoming
59%
No matching quizzes found
Score Distribution
Percent of People with Each Score
Percentile by Number Answered
Your Score History
You have not taken this quiz